Yeni mafya karteli (Record no. 1464)

MARC details
000 -BAŞLIK
Sabit Uzunlukta Kontrol Alanı 00832na a2200253 4500
001 - KONTROL NUMARASI
Denetim Alanı 17042
003 - KONTROL NUMARASI IDENTIFIER
Denetim Alanı MIRAKIL
005 - SON İŞLEM TARİHİ VE ZAMANI
Denetim Alanı 20181213154823.0
008 - SABİT-BOY VERİ ELEMANLARI - GENEL BİLGİLER
Sabit Uzunlukta Kontrol Alanı 161021b tu 000 0
020 ## - ULUSLARARASI STANDART KİTAP NUMARASI
Uluslararası Standart Kitap Numarası 9757380504
040 ## - KATALOGLAMA KAYNAK
Orijinal Kataloglama Ajansı Milas
Kataloglama Dili tur
Metne Dönüştürmek Ajansı TR-AnCHP
041 ## - DİL KODU
Metin / Ses Parça Veya Ayrı Başlığın Dil Kodu tur
082 ## - DEWEY ONLU SINIFLANDIRMA NUMARASI
Sınıflandırma Numarası 364.106
Ürün Numarası R25y 1995
090 ## - SINIFLAMA NUMARASI
Sınıflama Numarası 364.106 R25y 1995
100 ## - ANA GİRİŞ - KİŞİSEL İSİM
Kişisel Ad Raith, Werner
245 ## - BAŞLIK TABLOSU
Başlık Yeni mafya karteli
Başlığın Kalan Uluslararası mafya sermayesi Doğu Avrupa ve BDT'yi nasıl ele geçirdi?
Sorumluluk Tablosu, Vb Werner Raith; Türkçesi Kaan Ökten
246 ## - UNVAN FORM VARYING
Başlık Doğru / Kısa Başlığı Uluslararası mafya sermayesi Doğu Avrupa ve BDT'yi nasıl ele geçirdi?
260 ## - YAYIN, DAĞITIM, VB
Yayın, Dağıtım, Vb Yeri İstanbul
Yayıncı, Dağıtıcı, Vs Adı Sarmal Yayınevi
Yayın, Dağıtım, Vb Tarihi 1995
300 ## - FİZİKSEL TANIM
Kapsam 167 s.
Boyutlar 19 sm.
650 ## - KONU KATMA GİRİŞ - TOPİKAL DÖNEM
Topikal Süreli Veya Coğrafi Ad Giriş Elemanı Kriminoloji
Genel Alt Bölümü Organize suçlar
Kronolojik Alt Bölümü Mafya
651 ## - KONU KATMA GİRİŞ - COĞRAFİ ADI
Coğrafi İsim Doğu Avrupa
Genel Alt Bölümü Organize suçlar
700 ## - KATMA GİRİŞ - KİŞİSEL İSİM
Kişisel Ad Ökten, Kaan
942 ## - EKLENDİ GİRİŞ ELEMANLARI (KOHA)
Sınıflandırma Veya Raf Düzeni Kaynak
Koha Öğesi Türü Books
999 ## - SİSTEM KONTROL NUMARALARI (KOHA)
Koha Biblionumber 1464
Koha Biblioitemnumber 1464
Holdings
Kalıcı Konum Mevcut Konum Edinme Tarihi Edinim Kaynak Toplam Check-Out'Lar Tam Çağrı Numarası Barkod Tarih Son Görülme İtibaren Geçerli Fiyatlar Koha Öğesi Türü
CHP Kütüphanesi CHP Kütüphanesi 10/21/2016 Bağış   364.106 R25y 1995 005851 10/21/2016 10/21/2016 Books